Pokémon names - only the vowels 1 - Statistics

General Stats
  • This quiz has been taken 16 times
    15 since last reset
  • The average score is 3 of 22
Answer Stats
Gen Vowels Pokémon % Correct
I EE Seel
67%
IX UEOO Fuecoco
50%
IX AAIAI Grafaiai
42%
I AAE Charmander
25%
VI UOU Furfrou
25%
II EE Sentret
25%
VII AUII Tapu Fini
25%
IX OAIOO Roaring Moon
17%
I AEIE Caterpie
8%
IV IAIA Giratina
8%
III OUO Groudon
8%
II OI Hoppip
8%
I AUO Kabuto
8%
III OIU Tropius
8%
V OAOA Volcarona
8%
V OAIO Cobalion
0%
V UIO Druddigon
0%
IV UA Munchlax
0%
IX OIOOE Oinkologne
0%
IX EAOO Revavroom
0%
VI UU Slurpuff
0%
VII AEEA Tsareena
0%
No matching quizzes found
Score Distribution
Percent of People with Each Score
Percentile by Number Answered
Your Score History
You have not taken this quiz since the last reset